000 00567nam a2200217Ia 4500
003 OSt
005 20221007083152.0
006 a|||||r|||| 00| 0
007 ta
008 221006b |||||||| |||| 00| 0 eng d
024 _a38,665
037 _cDissertations
040 _aFLL
_cFLL
_beng
041 _2eng
_aeng
100 _aAgarwal Piyush
_9700400
245 0 _aError of jurisdiction in administrative law
_b Concept and impact
260 _c1987
300 _axix,145p
_ccm.
942 _cDIS
_2CC
999 _c1169070
_d1169070